| 000 | 01793nam0a2200373 i 4500 | ||
|---|---|---|---|
| 001 | RU\NLR\BIBL_A\010959784 | ||
| 005 | 20241104201745.0 | ||
| 010 |
_a9785952451896 _92000 |
||
| 021 |
_aRU _b2015-102539 _96396 |
||
| 035 | _a(NILC)RuMoRGB-008109347 | ||
| 035 | _a(NLR Aleph) 010959784 | ||
| 090 |
_a10795333 _c10795333 |
||
| 100 | _a20160128d2016 km y0rusy50 ca | ||
| 101 | 1 |
_arus _cger |
|
| 102 | _aRU | ||
| 105 | _aac||z|||000yy | ||
| 200 | 1 |
_aГорячие моторы _eвоспоминания ефрейтора-мотоциклиста, 1940-1941 _fГельмут Гюнтер _g[пер. с нем. А. Л. Уткина] |
|
| 210 |
_aМосква _cЦентрполиграф _d2016 _d[т.е. 2015] |
||
| 215 |
_a284, [2] с., [28] л. ил., портр. _d21 |
||
| 225 | 1 |
_aЗа линией фронта _iМемуары |
|
| 300 | _aЗагл. и авт. ориг.: Heisse Motoren, kalte füsse / Helmut Günter | ||
| 300 | _aКн. фактически изд. в 2015 г. | ||
| 454 | 1 |
_12001#$aHeisse Motoren, kalte füsse _1700#0$aGünter$bH.$gHelmut _tHeisse Motoren, kalte füsse _aGünter, Helmut |
|
| 601 | 0 | 1 |
_aГермания _bМоторизованные пехотные войска _jВоспоминания, записки и т.п _xИстория _92229433 _3RU\NLR\AUTH\6601570820 |
| 606 | 1 |
_aВторая мировая война _jВоспоминания, записки и т.п _xВоенные операции немецкие _z1939 - 1945 _z1940 - 1941 _92308729 _3RU\NLR\AUTH\661381845 |
|
| 675 | _a355/359 | ||
| 686 | 1 | _aЦ35(0)62-53,2,013 | |
| 700 | 1 |
_aГюнтер _bГ. _gГельмут |
|
| 801 | 0 |
_aRU _bРГБ _c20160111 _gRCR |
|
| 801 | 1 |
_aRU _bРГБ _c20160111 _2rusmarc |
|
| 942 | _cBOOK | ||
| 980 | _aNBR | ||